000 00399nam a2200109Ia 4500
008 171204s9999 xx 000 0 und d
245 _aCase Analyses for Abnormal Psychology: Learning to Look Beyond the Symptoms
245 _cDavid V. Perkins, Joan Esterline Lafuze, and Randall E. Osborne
260 _c2016
650 _xABNORMAL PSYCHOLOGY
856 _uhttp://down.ebook777.com/033/1138904538.pdf
999 _c346402
_d346402